[Event "Malaysian Open"]
[Site "Kuala Lumpur MAS"]
[Date "2011.08.20"]
[Round "4.15"]
[White "Zhang, Xiaowen"]
[Black "Zhai, Mo"]
[Result "1-0"]
[WhiteTitle "WGM"]
[BlackTitle "WFM"]
[WhiteElo "2389"]
[BlackElo "2198"]
[WhiteFideId "8603219"]
[BlackFideId "8600201"]
[EventDate "2011.08.18"]

1. e4 c5 2. Nf3 Nc6 3. Bb5 d6 4. O-O Bd7 5. c3 Nf6 6. Re1 a6 7. Ba4 b5 8. Bc2 e5
9. h3 c4 10. a4 Be7 11. d4 cxd3 12. Bxd3 b4 13. Bc4 Na5 14. Ba2 Rb8 15. cxb4
Rxb4 16. Bd2 Rxb2 17. Na3 Nc6 18. Nc4 Rb8 19. Bg5 Be6 20. Bxf6 gxf6 21. Ne3 Kd7
22. Bd5 Qb6 23. Nc4 Qb4 24. a5 Bd8 25. Rb1 Qc5 26. Bxc6+ Kxc6 27. Rxb8 Qxc4 28.
Qb1 Kd7 29. Rc1 Qa4 30. Qb7+ Ke8 31. Rxd8+ Kxd8 32. Qb8+ Ke7 33. Qxh8 Qxe4 34.
Rc7+ Bd7 35. Qc8 Qb1+ 36. Kh2 Qb5 37. Rb7 Qa4 38. Qc7 Ke6 39. Rb6 Qa3 40. Rxa6
Qd3 41. Ra7 Qb5 42. a6 1-0

[Event "Malaysian Open"]
[Site "Kuala Lumpur MAS"]
[Date "2011.08.20"]
[Round "4.16"]
[White "Goswami, Vedant"]
[Black "Lane, Gary W."]
[Result "1/2-1/2"]
[BlackTitle "IM"]
[WhiteElo "2199"]
[BlackElo "2369"]
[WhiteFideId "5003725"]
[BlackFideId "3203301"]
[EventDate "2011.08.18"]

1. e4 e5 2. Nf3 Nc6 3. Bc4 Bc5 4. d3 Nf6 5. c3 d6 6. Bb3 O-O 7. Nbd2 Re8 8. O-O
d5 9. Re1 Be6 10. Ba4 dxe4 11. Nxe4 Nxe4 12. dxe4 Qf6 13. Qe2 h6 14. Be3 Bb6 15.
Nd2 Red8 16. Bxc6 bxc6 17. Nb3 Qe7 18. Red1 a5 19. Nd2 Rd6 20. Nf1 a4 21. Rxd6
Qxd6 22. Rd1 Qe7 23. Bxb6 cxb6 24. a3 Rd8 25. Rxd8+ Qxd8 26. Qd2 Qe7 27. Ne3 Kh7
28. Qd3 b5 29. h3 g6 30. Kh2 Qh4 31. Kg1 Kg7 32. c4 bxc4 33. Nxc4 Qe7 34. Qc3
Bxc4 35. Qxc4 Qd7 36. Qc3 Qd4 37. Qxc6 Qxb2 38. Qxa4 Qc1+ 39. Kh2 1/2-1/2

[Event "Malaysian Open"]
[Site "Kuala Lumpur MAS"]
[Date "2011.08.20"]
[Round "4.21"]
[White "Lee, Kah Meng Elgin"]
[Black "Udani, Ian"]
[Result "0-1"]
[WhiteElo "1985"]
[BlackElo "2307"]
[WhiteFideId "5701996"]
[BlackFideId "5206243"]
[EventDate "2011.08.18"]

1. d4 d5 2. c4 c6 3. Nc3 Nf6 4. Nf3 a6 5. a4 e6 6. e3 Nbd7 7. Bd3 Bd6 8. O-O
dxc4 9. Bxc4 O-O 10. e4 e5 11. Bg5 Qe7 12. d5 a5 13. Qe2 Nb6 14. Bb3 Bg4 15. h3
Bh5 16. g4 Bg6 17. Nh4 Rfe8 18. Qf3 Bb4 19. dxc6 bxc6 20. Bxf6 Qxf6 21. Qxf6
gxf6 22. f3 Rad8 23. Rfd1 Nd7 24. Ng2 Nc5 25. Bc2 Ne6 26. Rxd8 Rxd8 27. Rd1 Rb8
28. Kf1 Bc5 29. Rb1 h5 30. Bd1 Ng5 31. h4 Ne6 32. f4 exf4 33. gxh5 Bh7 34. Bg4
Bd4 35. Rd1 Be5 0-1

[Event "Malaysian Open"]
[Site "Kuala Lumpur MAS"]
[Date "2011.08.20"]
[Round "4.22"]
[White "Ju, Wenjun"]
[Black "Cai, Jiaying"]
[Result "1-0"]
[WhiteTitle "WGM"]
[WhiteElo "2515"]
[BlackElo "2094"]
[WhiteFideId "8603006"]
[BlackFideId "8604312"]
[EventDate "2011.08.18"]

1. d4 d5 2. c4 c6 3. Nf3 Nf6 4. Nc3 dxc4 5. a4 Bf5 6. Nh4 Bc8 7. e3 e6 8. Bxc4
Nbd7 9. O-O Bb4 10. Nf3 O-O 11. Qe2 Qe7 12. e4 e5 13. Re1 h6 14. h3 Re8 15. dxe5
Nxe5 16. Nxe5 Qxe5 17. Bxf7+ Kxf7 18. Qc4+ Nd5 19. Bd2 Bd6 20. f4 Qh5 21. exd5
cxd5 22. Nxd5 Kf8 23. Bb4 Bxb4 24. Qxb4+ Kg8 25. Nc7 Rxe1+ 26. Rxe1 Rb8 27. Re8+
Kh7 28. Qf8 1-0

[Event "Malaysian Open"]
[Site "Kuala Lumpur MAS"]
[Date "2011.08.20"]
[Round "4.23"]
[White "Subramaniam, Sumant"]
[Black "Bitoon, Richard"]
[Result "0-1"]
[BlackTitle "IM"]
[WhiteElo "2117"]
[BlackElo "2491"]
[WhiteFideId "5702720"]
[BlackFideId "5201110"]
[EventDate "2011.08.18"]

1. e4 c5 2. Nf3 e6 3. b3 b6 4. Bb2 Bb7 5. Bd3 d6 6. O-O Nd7 7. Re1 Qc7 8. c4
Ngf6 9. Nc3 a6 10. Bc2 Be7 11. d4 cxd4 12. Qxd4 O-O 13. a4 Rac8 14. Rad1 Qc5 15.
Qd2 Rfe8 16. Nb1 Qh5 17. Ba3 b5 18. axb5 axb5 19. Bxd6 bxc4 20. bxc4 Bxd6 21.
Qxd6 Rxc4 22. Bb3 Rxe4 23. Rxe4 Bxe4 24. Ba4 Bxf3 25. gxf3 Qxf3 26. Bxd7 Rd8 27.
Rc1 h6 28. Rc8 Qg4+ 29. Kf1 Rxc8 0-1

[Event "Malaysian Open"]
[Site "Kuala Lumpur MAS"]
[Date "2011.08.20"]
[Round "4.24"]
[White "Iuldachev, Saidali"]
[Black "Ong, Way Justin"]
[Result "1-0"]
[WhiteTitle "GM"]
[WhiteElo "2482"]
[BlackElo "2041"]
[WhiteFideId "14200104"]
[BlackFideId "5703565"]
[EventDate "2011.08.18"]

1. e4 c5 2. Nc3 d6 3. f4 e6 4. Nf3 Be7 5. d4 a6 6. dxc5 dxc5 7. Qxd8+ Bxd8 8. e5
Ke7 9. Ne4 b6 10. Nd6 Bd7 11. Be3 Nh6 12. O-O-O Nf5 13. Nxf5+ exf5 14. Bc4 Be6
15. Bxe6 fxe6 16. Bf2 Kf7 17. Rd6 h6 18. Rhd1 Bc7 19. Rd7+ Nxd7 20. Rxd7+ Kg6
21. Rxc7 Rhc8 22. Rd7 Rd8 23. Rd6 Rxd6 24. exd6 c4 25. Ne5+ Kf6 26. Nd7+ 1-0

[Event "Malaysian Open"]
[Site "Kuala Lumpur MAS"]
[Date "2011.08.20"]
[Round "4.26"]
[White "Lei, Tingjie"]
[Black "Cheng, Bobby"]
[Result "1-0"]
[BlackTitle "FM"]
[WhiteElo "2061"]
[BlackElo "2323"]
[WhiteFideId "8605114"]
[BlackFideId "4300033"]
[EventDate "2011.08.18"]

1. d4 d5 2. Nf3 Nf6 3. g3 c5 4. Bg2 cxd4 5. O-O h6 6. Bf4 Nc6 7. Nxd4 Qb6 8.
Nxc6 bxc6 9. b3 Ba6 10. Nd2 e6 11. c4 Bc5 12. e4 Bd4 13. Rc1 e5 14. Be3 Bxe3 15.
fxe3 Qxe3+ 16. Kh1 dxe4 17. Re1 Qc5 18. Nxe4 Nxe4 19. Bxe4 O-O 20. Qf3 f5 21.
Bxf5 Bc8 22. g4 g6 23. Qh3 gxf5 24. Qxh6 Kf7 25. Qh7+ Ke8 26. Qc7 e4 27. Rcd1
Be6 28. Rd6 Rf7 29. Rxe6+ Kf8 30. Qf4 Qd4 31. gxf5 Rd8 32. R1xe4 Qd1+ 33. Re1
Rg7 34. f6 Rg6 35. Re8+ Kf7 36. Qc7+ Rd7 37. Re7+ Kf8 38. Qc8+ Rd8 39. Re8+ 1-0

[Event "Malaysian Open"]
[Site "Kuala Lumpur MAS"]
[Date "2011.08.20"]
[Round "4.27"]
[White "Tan, Li Ting"]
[Black "Pitra, Andika"]
[Result "0-1"]
[WhiteElo "1846"]
[BlackElo "2303"]
[WhiteFideId "5704820"]
[BlackFideId "7103255"]
[EventDate "2011.08.18"]

1. d4 f5 2. e4 fxe4 3. Nc3 Nf6 4. Bg5 Nc6 5. Bb5 g6 6. Bxf6 exf6 7. Nxe4 Qe7 8.
Bxc6 dxc6 9. Qe2 Bf5 10. f3 O-O-O 11. O-O-O Bh6+ 12. Kb1 Rhe8 13. Qf2 c5 14. Ne2
Bxe4 15. fxe4 Qxe4 16. Nc3 Qe3 17. Qxe3 Bxe3 18. dxc5 Rxd1+ 19. Rxd1 Bxc5 20.
Kc1 Be3+ 21. Kb1 c6 22. a3 f5 23. Ne2 Rd8 24. Rxd8+ Kxd8 25. c4 Ke7 26. Kc2 Ke6
27. Kd3 Bf2 28. b3 Ke5 29. b4 g5 30. b5 h5 31. a4 h4 32. a5 a6 33. bxa6 bxa6 34.
Nc1 g4 35. Ne2 f4 36. Nc3 Be1 37. Ne4 Bxa5 38. Nc5 f3 39. gxf3 g3 40. hxg3 h3
41. Ne4 Be1 42. f4+ Kf5 0-1

[Event "Malaysian Open"]
[Site "Kuala Lumpur MAS"]
[Date "2011.08.20"]
[Round "4.28"]
[White "Narayanan, Renitha"]
[Black "Wallis, Christopher"]
[Result "1/2-1/2"]
[BlackTitle "FM"]
[WhiteElo "1717"]
[BlackElo "2287"]
[WhiteFideId "5702909"]
[BlackFideId "3204839"]
[EventDate "2011.08.18"]

1. d4 d5 2. c4 c6 3. cxd5 cxd5 4. Nc3 Nf6 5. Nf3 Nc6 6. Bg5 Ne4 7. e3 Nxg5 8.
Nxg5 h6 9. Nf3 e6 10. a3 Be7 11. Bd3 O-O 12. O-O Bf6 13. Rc1 Bd7 14. Qe2 Rc8 15.
b4 a6 16. Rfd1 Qe7 17. Bb1 g6 18. Qb2 Rfd8 19. Qb3 Na7 20. Bd3 Bg7 21. h3 Qe8
22. Re1 f5 23. Ne2 g5 24. Ne5 Bb5 25. Rxc8 Rxc8 26. Rc1 Rxc1+ 27. Nxc1 Bxe5 28.
dxe5 Qc6 29. Ne2 Qc7 30. Bxb5 Nxb5 31. a4 Na7 32. f4 Nc6 33. Kh1 Qb6 34. b5 Na7
35. fxg5 hxg5 36. Nd4 axb5 37. axb5 Kf7 38. Qd3 Qc5 39. Qe2 Kg6 40. Qd3 Qc1+ 41.
Kh2 Qc7 42. Nf3 Nc8 43. Kh1 Nb6 44. Qd4 Nc4 45. Kh2 Qb6 46. Qc3 Qxb5 47. Nd4 Qb6
48. Qd3 Nxe5 49. Qa3 Qc7 50. Kh1 Kf7 51. Qb2 Nc4 52. Qb3 Nd2 53. Qd1 Ne4 54.
Qh5+ Kg8 55. Qg6+ Qg7 56. Qe8+ Qf8 57. Qg6+ 1/2-1/2

[Event "Malaysian Open"]
[Site "Kuala Lumpur MAS"]
[Date "2011.08.20"]
[Round "4.29"]
[White "Mariano, Nelson III"]
[Black "Iskandar, Bin Abdullah"]
[Result "1-0"]
[WhiteElo "2242"]
[BlackElo "1956"]
[WhiteFideId "5201748"]
[BlackFideId "5802105"]
[EventDate "2011.08.18"]

1. e4 e6 2. d4 d5 3. exd5 exd5 4. c4 Nf6 5. Nc3 Be7 6. Bd3 O-O 7. Nf3 a6 8. O-O
dxc4 9. Bxc4 b5 10. Bb3 Nc6 11. h3 Na5 12. Bc2 Bb7 13. Re1 Re8 14. Qd3 c5 15.
dxc5 Qxd3 16. Bxd3 Bxc5 17. Bg5 Nd7 18. Ne4 f6 19. Bd2 Nc6 20. a4 b4 21. Bc4+
Kf8 22. Bf4 Rxe4 23. Rxe4 Na5 24. Bd3 Bxe4 25. Bxe4 Re8 26. Bf5 Nb6 27. Rc1 Nb3
28. Rxc5 Nxc5 29. Bd6+ Kf7 30. Bxc5 Nxa4 31. Bd4 Rd8 32. Bc2 Nxb2 33. Bxb2 Ke6
34. Nd4+ Kd6 35. Kf1 a5 36. Ke2 Ra8 37. Ba4 Kc5 38. Kd3 Rd8 39. Kc2 Rd6 40. Kb3
g5 41. Be8 Rxd4 42. Bxd4+ Kxd4 43. Bb5 h5 44. Be2 h4 45. Ba6 f5 46. Be2 Ke4 47.
Kc4 Kf4 48. Bd1 g4 49. Kd4 1-0

[Event "Malaysian Open"]
[Site "Kuala Lumpur MAS"]
[Date "2011.08.20"]
[Round "4.31"]
[White "Qiu, Mengjie"]
[Black "Li, Panru"]
[Result "0-1"]
[WhiteElo "1941"]
[BlackElo "2135"]
[WhiteFideId "8606137"]
[BlackFideId "8600880"]
[EventDate "2011.08.18"]

1. e4 e6 2. d4 d5 3. Nd2 Nf6 4. e5 Nfd7 5. f4 c5 6. c3 Nc6 7. Ndf3 Qb6 8. Ne2
Be7 9. g3 O-O 10. Bh3 cxd4 11. cxd4 Na5 12. O-O f6 13. Kh1 Nb8 14. exf6 Bxf6 15.
b3 Qd6 16. a4 Na6 17. Ba3 Nb4 18. Nc3 Nac6 19. Nb5 Qd8 20. Qd2 Be7 21. Rfe1 a6
22. Nc3 Rf6 23. Re3 Rh6 24. Kg2 Na5 25. Na2 Nc2 26. Qxc2 Bxa3 27. b4 Nc4 28. Rc3
e5 29. Bxc8 Rxc8 30. Kh1 exf4 31. gxf4 Qf8 32. Ne5 b5 33. Nxc4 Rxc4 34. Rxc4
dxc4 35. Rf1 Qa8+ 36. Qg2 Qxg2+ 37. Kxg2 bxa4 38. Rf2 Rd6 39. Rd2 Rb6 40. Rc2
Bxb4 41. Rxc4 a5 42. Kf3 a3 43. d5 Bd6 44. Rc6 Rxc6 45. dxc6 Kf7 46. Ke4 Ke6 47.
f5+ Ke7 48. h3 Kf6 49. h4 h5 50. Nc3 Ke7 51. Kf3 Be5 52. Na2 Kd6 0-1

[Event "Malaysian Open"]
[Site "Kuala Lumpur MAS"]
[Date "2011.08.20"]
[Round "4.32"]
[White "Zulfic, Fedja"]
[Black "Wolfaardt, Francois"]
[Result "1-0"]
[WhiteElo "2098"]
[BlackElo "1780"]
[WhiteFideId "3208427"]
[BlackFideId "14302578"]
[EventDate "2011.08.18"]

1. Nf3 d6 2. c4 Nf6 3. Nc3 e5 4. d3 Bg4 5. g3 Nc6 6. Bg2 Be7 7. O-O Qd7 8. Re1
h6 9. Nd2 O-O 10. Nf1 Bh3 11. Bh1 Rab8 12. Ne3 Nd4 13. b4 c6 14. a4 Ng4 15. Nxg4
Bxg4 16. f3 Bh3 17. e3 Ne6 18. d4 exd4 19. exd4 Bf6 20. Be3 c5 21. Ne4 Bxd4 22.
Bxd4 cxd4 23. g4 Nf4 24. Qxd4 Bxg4 25. Nf6+ gxf6 26. Qxf4 Bh5 27. Red1 Rbd8 28.
Qxh6 Qf5 29. Ra2 Qg5+ 30. Rg2 Qxg2+ 31. Bxg2 Bg6 32. Rd4 1-0

[Event "Malaysian Open"]
[Site "Kuala Lumpur MAS"]
[Date "2011.08.20"]
[Round "4.33"]
[White "Klein, Gernot"]
[Black "Chong, Chor Yuen"]
[Result "0-1"]
[WhiteElo "1919"]
[BlackElo "2071"]
[WhiteFideId "4695496"]
[BlackFideId "6000320"]
[EventDate "2011.08.18"]

1. e4 e5 2. Nf3 Nc6 3. Bb5 a6 4. Ba4 Nf6 5. d3 b5 6. Bb3 Be7 7. O-O O-O 8. Nbd2
d6 9. c3 Na5 10. Bc2 c5 11. d4 Qc7 12. Re1 cxd4 13. cxd4 Bb7 14. Nf1 Rac8 15.
Bd3 d5 16. exd5 exd4 17. Bd2 Nc4 18. Rc1 Qd7 19. Bxc4 bxc4 20. Nxd4 Qxd5 21. Nf3
Ne4 22. Ne3 Qb5 23. a4 Qb6 24. a5 Qb5 25. Nd4 Qxb2 26. Ndf5 Bf6 27. Rb1 Qxd2 28.
Qxd2 Nxd2 29. Rxb7 Rc5 30. Rd7 c3 31. Rd5 Nb3 32. Rxc5 Nxc5 33. Nc2 g6 34. Nfe3
Rb8 35. Nd5 Bd8 36. Re8+ Kg7 37. Nxc3 Ne6 38. Ne3 Rb3 39. Ncd5 Rb1+ 40. Nf1 Bxa5
41. f3 Rb5 42. Nde3 Bd8 43. Nd2 a5 44. Nec4 a4 45. Na3 Re5 46. Kf1 Rd5 47. Ndc4
Rd3 48. Ke2 Rb3 49. g4 Kf6 50. Kd2 Rxf3 51. Ne3 Bb6 52. Nd5+ Kg7 53. Nxb6 Rxa3
54. Ra8 Ra2+ 55. Ke3 a3 56. Nc4 Rxh2 57. Rxa3 Rc2 58. Ne5 Rc7 59. Nf3 h5 60. Nh4
Re7 61. Kf2 Nd4 62. Ra2 f6 63. Nf3 Nf5 0-1

[Event "Malaysian Open"]
[Site "Kuala Lumpur MAS"]
[Date "2011.08.20"]
[Round "4.35"]
[White "Nakamura, Naohiro"]
[Black "Adeimi, Michel"]
[Result "0-1"]
[WhiteElo "2033"]
[BlackElo "1895"]
[WhiteFideId "7000715"]
[BlackFideId "689165"]
[EventDate "2011.08.18"]

1. Nf3 d6 2. d4 Nf6 3. c4 g6 4. Nc3 Bg7 5. g3 O-O 6. Bg2 e6 7. O-O d5 8. Qc2
Nbd7 9. Rd1 b6 10. cxd5 exd5 11. Bf4 c6 12. Rac1 Bb7 13. Qd2 Re8 14. Ne5 Qe7 15.
Nxd7 Qxd7 16. Be5 Qf5 17. f3 Qe6 18. e4 dxe4 19. fxe4 Rad8 20. Bxf6 Bxf6 21. d5
Qe7 22. Qd3 Rd6 23. Qf3 Red8 24. dxc6 Bxc6 25. Rxd6 Qxd6 26. Rf1 Bd4+ 27. Kh1
Qe7 28. Nd1 Bb5 29. Re1 Qb4 30. Nc3 Bc4 31. Bf1 Be6 32. Rd1 Qxb2 33. Nd5 Kg7 34.
Qd3 Be5 35. Rd2 Qc1 36. Kg2 Qc5 37. Be2 Qc8 38. Qc4 Qd7 39. Qb5 Qd6 40. Qa6 Qd7
41. Bb5 Bh3+ 42. Kf2 Qd6 43. Rc2 Bd4+ 44. Ke2 Qe5 45. Kd3 Rxd5 46. exd5 Bf5+ 47.
Kd2 Be3+ 48. Kd1 Qd4+ 0-1

[Event "Malaysian Open"]
[Site "Kuala Lumpur MAS"]
[Date "2011.08.20"]
[Round "4.36"]
[White "Loh, Zachary"]
[Black "Cheah, Cheok Fung"]
[Result "0-1"]
[WhiteElo "1769"]
[BlackElo "2008"]
[WhiteFideId "3210383"]
[BlackFideId "5703271"]
[EventDate "2011.08.18"]

1. d4 Nf6 2. c4 e6 3. Nf3 Bb4+ 4. Bd2 Qe7 5. a3 Bxd2+ 6. Qxd2 O-O 7. Nc3 d6 8.
e4 e5 9. d5 a5 10. Bd3 Bg4 11. h3 Bxf3 12. gxf3 Nh5 13. Bc2 Qf6 14. O-O-O Qxf3
15. Rdg1 Qf4 16. Rg4 Qxd2+ 17. Kxd2 Nf4 18. h4 h6 19. Ne2 Nxe2 20. Kxe2 g6 21.
Bd1 Nd7 22. Ke3 Kh7 23. h5 Nf6 24. Rgg1 Rg8 25. hxg6+ fxg6 26. Bg4 Rgf8 27. Rh2
Ra6 28. Bd1 Rb6 29. b3 Ng8 30. Rhg2 Ne7 31. Kd2 Rf4 32. f3 g5 33. Rh2 Ng6 34.
Rxg5 Rh4 35. Rxh4 Nxh4 36. Rh5 Ng6 37. Rf5 Kg7 38. Ke3 Nf4 39. Bc2 Ra6 40. c5
Ra8 41. Bd3 Kg6 42. Bf1 Nxd5+ 43. Kf2 Ne7 44. Bh3 Nxf5 45. Bxf5+ Kg5 46. cxd6
cxd6 47. Ke3 Rf8 48. Bh3 Kh4 49. Bf5 Kg3 50. Kd3 h5 51. Kc4 h4 52. Kd5 Rf6 0-1

[Event "Malaysian Open"]
[Site "Kuala Lumpur MAS"]
[Date "2011.08.20"]
[Round "4.37"]
[White "Lee, Kai Jie Edward"]
[Black "Kumar, Sri Shiva"]
[Result "1-0"]
[WhiteElo "2008"]
[BlackElo "1705"]
[WhiteFideId "5802920"]
[BlackFideId "5703808"]
[EventDate "2011.08.18"]

1. e4 d5 2. exd5 Qxd5 3. Nc3 Qa5 4. d4 Nf6 5. Nf3 Bg4 6. h3 Bh5 7. g4 Bg6 8. Ne5
c6 9. Bg2 e6 10. Bf4 Qd8 11. a3 Be7 12. Qd2 Nd5 13. Nxd5 exd5 14. O-O-O O-O 15.
h4 Nd7 16. h5 Nxe5 17. dxe5 Bxc2 18. Qxc2 Bg5 19. Qd2 Be7 20. g5 g6 21. Rh2 a5
22. Rdh1 h6 23. hxg6 fxg6 24. Rxh6 1-0

[Event "Malaysian Open"]
[Site "Kuala Lumpur MAS"]
[Date "2011.08.20"]
[Round "4.43"]
[White "Ajeet Singh, Roshan"]
[Black "Lee, T H Bryan"]
[Result "1-0"]
[WhiteElo "1864"]
[BlackElo "1988"]
[WhiteFideId "5704740"]
[BlackFideId "6000584"]
[EventDate "2011.08.18"]

1. d4 Nf6 2. c4 g6 3. Nc3 Bg7 4. e4 d6 5. Nf3 O-O 6. Be2 e5 7. O-O Nc6 8. d5 Ne7
9. b4 Nh5 10. c5 f5 11. Nd2 Nf6 12. cxd6 cxd6 13. Bf3 f4 14. a4 Bd7 15. Ba3 Rc8
16. Rc1 h5 17. Be2 Bh6 18. b5 Ne8 19. Bb4 Kh7 20. Re1 Ng8 21. a5 Ngf6 22. f3 Rg8
23. Nc4 Bf8 24. Qb3 g5 25. Qa3 Qe7 26. a6 bxa6 27. b6 axb6 28. Nxb6 Rb8 29. Nxd7
Qxd7 30. Na4 g4 31. Rc6 gxf3 32. Bxf3 Ng4 33. Rxa6 Qb5 34. Ra7+ Kh8 35. Bd2 Qc4
36. Qc3 Qxc3 37. Nxc3 Rb2 38. Ra2 Rb3 39. h3 Ne3 40. Ra8 Nf6 41. Bxe3 Rxc3 42.
Bd2 Rb3 43. Rc1 Rxf3 44. Rxf8 Rd3 45. Rxf6 Rxd2 46. Rh6+ Kg7 47. Rxd6 Kf7 48.
Rc7+ Ke8 49. Rc8+ Kf7 50. Rd7+ Kf6 51. Rxg8 Rd4 52. Rgg7 1-0

[Event "Malaysian Open"]
[Site "Kuala Lumpur MAS"]
[Date "2011.08.20"]
[Round "4.44"]
[White "Ravry, Kazoune"]
[Black "Goundar, Sanmogam"]
[Result "1-0"]
[BlackTitle "CM"]
[WhiteElo "1784"]
[BlackElo "1934"]
[WhiteFideId "667293"]
[BlackFideId "11400110"]
[EventDate "2011.08.18"]

1. c4 Nf6 2. Nc3 g6 3. g3 Bg7 4. Bg2 O-O 5. Nf3 Nc6 6. d3 e6 7. O-O d5 8. cxd5
exd5 9. Bg5 h6 10. Bxf6 Bxf6 11. Qb3 Be6 12. Qxb7 Qd7 13. Rab1 a6 14. Qb3 d4 15.
Ne4 Bg7 16. Qa4 Ne5 17. Qxd7 Nxd7 18. b3 f5 19. Ned2 Ra7 20. Nc4 Re8 21. Rfe1 a5
22. e3 Bd5 23. Nxd4 Bxg2 24. Kxg2 Nc5 25. Nb5 Rb7 26. d4 Rxb5 27. dxc5 Rxc5 28.
Red1 a4 29. Rd3 Rb8 30. Rbd1 Bf6 31. Rc1 axb3 32. axb3 Rb4 33. Rc2 Rcb5 34. Nd2
Be5 35. Rc4 Bd6 36. Rxb4 Rxb4 37. Nc4 Bc5 38. Ne5 g5 39. h4 Bd6 40. Nc4 Bf8 41.
hxg5 hxg5 42. Ne5 Bd6 43. Nf3 f4 44. Nxg5 fxg3 45. f4 Rb8 46. Kxg3 Rf8 47. Kg4
Rf6 48. f5 Rh6 49. e4 Rh1 50. f6 Rg1+ 51. Kf5 1-0

[Event "Malaysian Open"]
[Site "Kuala Lumpur MAS"]
[Date "2011.08.20"]
[Round "4.45"]
[White "Camilia, Bt. Johari"]
[Black "Limono, Handjojo"]
[Result "0-1"]
[WhiteElo "1753"]
[BlackElo "1916"]
[WhiteFideId "5704677"]
[BlackFideId "7102909"]
[EventDate "2011.08.18"]

1. d4 Nf6 2. Nf3 e6 3. c4 d5 4. Bg5 Be7 5. e3 Nbd7 6. Nc3 c6 7. Rc1 Qa5 8. Qc2
h6 9. Bh4 g5 10. Bg3 Ne4 11. Bd3 Nxc3 12. bxc3 dxc4 13. Bxc4 b5 14. Bb3 c5 15.
a3 c4 16. Ba2 Bb7 17. Bb1 a6 18. Ke2 g4 19. Ne5 Nf6 20. f3 Qc7 21. Kf2 h5 22. e4 0-1

[Event "Malaysian Open"]
[Site "Kuala Lumpur MAS"]
[Date "2011.08.20"]
[Round "4.46"]
[White "Karunanayake, Mayuri"]
[Black "Nur, Nabila Azman Hisham"]
[Result "0-1"]
[BlackTitle "WCM"]
[WhiteElo "1667"]
[BlackElo "1894"]
[WhiteFideId "9900390"]
[BlackFideId "5702135"]
[EventDate "2011.08.18"]

1. e4 c5 2. Nf3 e6 3. c3 d5 4. exd5 Qxd5 5. d4 Nc6 6. Be3 cxd4 7. Nxd4 Nxd4 8.
Qxd4 Nf6 9. Qxd5 Nxd5 10. Bd4 f6 11. Bc4 Kf7 12. O-O b6 13. Nd2 Bb7 14. f3 Rc8
15. Bb3 Bc5 16. Bxc5 bxc5 17. Ne4 Rhd8 18. Rfd1 c4 19. Ba4 f5 20. Ng3 Bc6 21.
Bxc6 Rxc6 22. Kf2 Rb8 23. Rd2 Rcb6 24. Nxf5 Rxb2 25. Nd6+ Ke7 26. Nxc4 Rxd2+ 27.
Nxd2 Rb2 28. Ke1 Ne3 29. Rb1 Nxg2+ 30. Ke2 Rxa2 31. Rb7+ Kf6 32. Kd3 Nf4+ 33.
Ke3 Nd5+ 34. Kd3 Nf4+ 35. Ke3 e5 36. Rd7 a5 37. Ne4+ Kg6 38. Rd6+ Kf7 39. Rd7+
Ke8 40. Rd2 Rxd2 41. Nxd2 Nd5+ 42. Kd3 Ke7 43. Nc4 a4 44. Na3 Ke6 45. c4 Nb4+
46. Ke4 Na6 47. Nb5 Nc5+ 48. Ke3 Nb7 49. Ke4 Nd6+ 50. Kd3 Nxb5 51. cxb5 Kd5 52.
Kc3 Kc5 53. b6 Kxb6 54. Kb4 Kc6 55. Kxa4 Kd5 56. Kb4 Kd4 57. Kb5 Ke3 58. Kc5
Kxf3 59. Kd5 e4 60. Kd4 e3 61. Kd3 e2 62. Kd2 Kf2 0-1

[Event "Malaysian Open"]
[Site "Kuala Lumpur MAS"]
[Date "2011.08.20"]
[Round "5.1"]
[White "Li, Shilong"]
[Black "Barbosa, Oliver"]
[Result "1-0"]
[WhiteTitle "GM"]
[BlackTitle "IM"]
[WhiteElo "2520"]
[BlackElo "2514"]
[WhiteFideId "8600678"]
[BlackFideId "5201640"]
[EventDate "2011.08.18"]

1. d4 d5 2. c4 c6 3. Nf3 Nf6 4. Nc3 dxc4 5. a4 Bf5 6. Ne5 Nbd7 7. Nxc4 Nb6 8.
Ne5 a5 9. f3 Nbd7 10. Nxd7 Nxd7 11. e4 Bg6 12. Be2 e6 13. O-O Bb4 14. Be3 O-O
15. Qb3 Qc7 16. Rac1 Rfe8 17. Bd3 Rad8 18. Bb1 Qb8 19. Ne2 f6 20. f4 Bf7 21. Qc2
Kh8 22. Nc3 Bg6 23. Qf2 f5 24. e5 Nb6 25. Ba2 Qa8 26. Qe2 Rd7 27. Bb3 Qd8 28. h3
Nc8 29. Kh2 Rf7 30. Na2 Bf8 31. Qe1 Rd7 32. Bc4 Bh5 33. Rf2 h6 34. Nc3 Bb4 35.
Bb3 Qe7 36. Qf1 Qf7 37. g3 Be7 38. Qc4 Bd8 39. Rg1 Qe7 40. Kh1 Nb6 41. Qf1 Qb4
42. Ba2 Nxa4 43. g4 Bg6 44. Nxa4 Qxa4 45. Bb1 Qb3 46. gxf5 Bxf5 47. Bxf5 exf5
48. Qe2 Qg8 49. Rfg2 Re6 50. d5 cxd5 51. Bd4 Qe8 52. Rg3 Kh7 53. Qc2 g6 54. Re3
Qe7 55. Qb3 Qh4 56. Qb5 Rc6 57. Rf3 Qe7 58. Rfg3 Qb4 59. Qd3 Bb6 60. e6 Rg7 61.
Bxg7 Bxg1 62. Bc3 Qxf4 63. Qxd5 Qe4+ 64. Qxe4 fxe4 65. Kxg1 Rxe6 66. Bxa5 g5 67.
Rb3 Re7 68. Rb6 Rf7 69. Bc3 Re7 70. Kf2 Rf7+ 71. Ke2 Rf3 72. Rxb7+ Kg6 73. Rb6+
Kh7 74. h4 gxh4 75. Bd2 Rh3 76. Rxh6+ Kg7 77. Re6 Rh1 78. Rxe4 h3 79. Rh4 Kf7
80. Kf3 1-0

[Event "Malaysian Open"]
[Site "Kuala Lumpur MAS"]
[Date "2011.08.20"]
[Round "5.2"]
[White "Dimakiling, Oliver"]
[Black "Wan, Yunguo"]
[Result "1/2-1/2"]
[WhiteTitle "IM"]
[WhiteElo "2414"]
[BlackElo "2462"]
[WhiteFideId "5202248"]
[BlackFideId "8603189"]
[EventDate "2011.08.18"]

1. Nf3 Nf6 2. c4 g6 3. Nc3 Bg7 4. g3 O-O 5. Bg2 d6 6. O-O e5 7. d3 Nc6 8. Rb1 a5
9. a3 h6 10. h3 Be6 11. e4 Nd7 12. b4 axb4 13. axb4 Kh7 14. Nd5 Bxd5 15. cxd5
Nd4 16. Be3 f5 17. Bxd4 exd4 18. exf5 gxf5 19. Nh4 Ne5 20. Nxf5 Rxf5 21. Be4 Qg5
22. g4 Kg8 23. Bxf5 Qf4 24. Be4 Ra2 25. Qc1 Rd2 26. Qxc7 Nf3+ 27. Bxf3 Be5 28.
Qd8+ Kg7 29. Qe7+ Kg8 30. Qe8+ Kg7 31. Qe7+ Kg8 1/2-1/2

[Event "Malaysian Open"]
[Site "Kuala Lumpur MAS"]
[Date "2011.08.20"]
[Round "5.3"]
[White "Vakhidov, Jahongir"]
[Black "Salvador, Roland"]
[Result "0-1"]
[BlackTitle "GM"]
[WhiteElo "2392"]
[BlackElo "2527"]
[WhiteFideId "14201801"]
[BlackFideId "5201047"]
[EventDate "2011.08.18"]

1. d4 d5 2. c4 c6 3. cxd5 cxd5 4. Nf3 Nf6 5. Nc3 Nc6 6. Bf4 Nh5 7. Be5 f6 8. Bg3
e5 9. e3 Nxg3 10. hxg3 e4 11. Nd2 Be6 12. Ndxe4 Qb6 13. Nc5 Bxc5 14. dxc5 Qxc5
15. Bb5 Kf7 16. Bxc6 bxc6 17. Rc1 Qb4 18. b3 Rac8 19. Rh4 Qa5 20. Kf1 h6 21. Kg1
Rhd8 22. Qh5+ Kf8 23. Qe2 Qa3 24. Rd1 Bf7 25. e4 dxe4 26. Rxe4 Qc5 27. Na4 Qb5
28. Rc1 Qg5 29. Re3 Re8 30. Qa6 Rxe3 31. Qxc8+ Be8 32. Rd1 Re7 33. Qd8 Qe5 34.
Qd2 Rd7 35. Qc1 Rxd1+ 36. Qxd1 c5 37. Qd8 c4 38. Qc8 cxb3 39. axb3 Qe1+ 40. Kh2
Qxf2 41. Nc5 Qe2 42. Ne6+ Kf7 43. Nf4 Qe7 44. Qc4+ Kf8 45. b4 Qf7 46. Qc8 Kg8
47. Qa6 g5 48. Ne6 Qe7 49. Nd4 h5 50. Qc8 Qd7 51. Qc5 a6 52. Qb6 Kf7 53. Nb3 Qb5
54. Qa7+ Kg6 55. Qd4 Bc6 56. Qf2 Qxb4 57. Nd4 Be4 58. Qe3 Qb1 59. Ne6 Qc2 60.
Qg1 a5 61. Nf8+ Kf7 62. Nd7 Bc6 63. Nxf6 Kxf6 64. Qd4+ Kf5 65. g4+ hxg4 0-1